[Event "IECC O-3436"]
[Site "IECC email"]
[Date "2012.04.23"]
[Round "?"]
[White "Smoose, Rick"]
[Black "Yeargin, Tommy"]
[Result "1-0"]
[WhiteElo "992"]
[BlackElo "903"]
[PlyCount "27"]
[EventDate "2012.??.??"]
[EventType "swiss (corr)"]
[EventRounds "2"]
[SourceTitle "Corr 2020"]
[Source "ChessBase"]
[SourceDate "2019.09.30"]
[SourceVersion "1"]
[SourceVersionDate "2019.09.30"]
[SourceQuality "1"]
[WhiteTeam "United States"]
[BlackTeam "United States"]
[WhiteTeamCountry "USA"]
[BlackTeamCountry "USA"]

1. e4 e5 2. Nf3 Nc6 3. Bc4 Nh6 4. d3 d6 5. Ng5 Qe7 6. Nc3 Bg4 7. Ne2 f6 8. Nf3 Na5 9. c3 Nxc4 10. dxc4 g6 11. h3 Be6 12. b4 f5 13. exf5 Bxc4 14. 0-0 1-0

[Event "IECC O-3432"]
[Site "IECC email"]
[Date "2012.04.11"]
[Round "?"]
[White "Kellaway, Ted"]
[Black "Yeargin, Tommy"]
[Result "1-0"]
[WhiteElo "1109"]
[BlackElo "910"]
[PlyCount "43"]
[EventDate "2012.??.??"]
[EventType "swiss (corr)"]
[EventRounds "2"]
[SourceTitle "Telechess CBM 165"]
[Source "ChessBase"]
[SourceDate "2015.03.11"]
[SourceVersion "1"]
[SourceVersionDate "2015.03.11"]
[SourceQuality "1"]
[WhiteTeam "South Africa"]
[BlackTeam "US of America"]
[WhiteTeamCountry "RSA"]
[BlackTeamCountry "USA"]

1. e4 e5 2. Nf3 Nc6 3. Bc4 Na5 4. d3 d6 5. Ng5 Qd7 6. Nxf7 Qxf7 7. Bxf7+ Kxf7 8. 0-0 Nf6 9. h3 Be6 10. f4 exf4 11. Rxf4 Be7 12. Qh5+ g6 13. Qxa5 b6 14. Qc3 d5 15. e5 Bc5+ 16. d4 Bxd4+ 17. Qxd4 c5 18. Rxf6+ Ke7 19. Qh4 d4 20. Bh6 g5 21. Qe4 Rhf8 22. Bxf8+ 1-0

[Event "IECC O-2204"]
[Site "IECC email"]
[Date "2005.05.18"]
[Round "?"]
[White "Yeargin, Tommy"]
[Black "Lapham, Frank"]
[Result "1-0"]
[WhiteElo "989"]
[BlackElo "774"]
[PlyCount "59"]
[EventDate "2005.??.??"]
[EventType "swiss (corr)"]
[EventRounds "2"]
[SourceTitle "Corr 2020"]
[Source "ChessBase"]
[SourceDate "2019.09.30"]
[SourceVersion "1"]
[SourceVersionDate "2019.09.30"]
[SourceQuality "1"]
[WhiteTeam "United States"]
[BlackTeam "United States"]
[WhiteTeamCountry "USA"]
[BlackTeamCountry "USA"]

1. e4 e5 2. Nf3 d6 3. d4 Nf6 4. dxe5 Nxe4 5. Bc4 h6 6. Nc3 Nxc3 7. bxc3 Qe7 8. 0-0 Bd7 9. Rb1 b6 10. exd6 Qxd6 11. Nd4 Be7 12. Qf3 0-0 13. Qxa8 Qg6 14. Bd3 Nc6 15. Qxf8+ Bxf8 16. Bxg6 fxg6 17. Bf4 Bc5 18. Rfd1 Na5 19. Nf3 Bf5 20. Rd8+ Kh7 21. Bxc7 Bxc2 22. Re1 Ba4 23. Ra8 Bc6 24. Rxa7 Nc4 25. Be5 Nb2 26. Rxg7+ Kh8 27. Rd1 Nxd1 28. Rxg6+ Kh7 29. Rg7+ Kh8 30. Rc7+ 1-0

[Event "IECC O-2189"]
[Site "IECC email"]
[Date "2005.04.06"]
[Round "?"]
[White "Davidson, Allan D"]
[Black "Yeargin, Tommy"]
[Result "1-0"]
[WhiteElo "942"]
[BlackElo "1008"]
[PlyCount "87"]
[EventDate "2005.??.??"]
[EventType "swiss (corr)"]
[EventRounds "2"]
[SourceTitle "Corr 2020"]
[Source "ChessBase"]
[SourceDate "2019.09.30"]
[SourceVersion "1"]
[SourceVersionDate "2019.09.30"]
[SourceQuality "1"]
[WhiteTeam "United States"]
[BlackTeam "United States"]
[WhiteTeamCountry "USA"]
[BlackTeamCountry "USA"]

1. e4 e5 2. Nf3 Nc6 3. Bc4 Nf6 4. d3 d5 5. Bb3 dxe4 6. dxe4 Qxd1+ 7. Kxd1 Nxe4 8. Ke2 Bc5 9. Be3 Bxe3 10. fxe3 Bg4 11. c3 Rd8 12. Rd1 Rxd1 13. Bxd1 Nd6 14. Ba4 b5 15. h3 Be6 16. Bb3 h6 17. Nbd2 Bxb3 18. axb3 e4 19. Nd4 Nxd4+ 20. cxd4 Kd7 21. Rxa7 Re8 22. g4 g5 23. Ra1 h5 24. gxh5 Rh8 25. Rh1 Rxh5 26. Kf2 g4 27. Kg3 f5 28. Rh2 Rxh3+ 29. Rxh3 gxh3 30. Kxh3 f4 31. exf4 e3 32. Nf3 e2 33. Kg4 Ne4 34. Ne1 Nf6+ 35. Kf3 Kd6 36. Kxe2 Kd5 37. Kd3 Ke6 38. Nf3 Kf5 39. d5 Nxd5 40. Kd4 Ne7 41. Kc5 c6 42. Nd4+ Kxf4 43. Nxc6 Nxc6 44. Kxc6 1-0

[Event "IECC O-2174"]
[Site "IECC email"]
[Date "2005.03.09"]
[Round "?"]
[White "Yeargin, Tommy"]
[Black "Holt, John"]
[Result "1-0"]
[WhiteElo "982"]
[BlackElo "903"]
[PlyCount "55"]
[EventDate "2005.??.??"]
[EventType "swiss (corr)"]
[EventRounds "2"]
[SourceTitle "Corr 2020"]
[Source "ChessBase"]
[SourceDate "2019.09.30"]
[SourceVersion "1"]
[SourceVersionDate "2019.09.30"]
[SourceQuality "1"]
[WhiteTeam "United States"]
[BlackTeam "United States"]
[WhiteTeamCountry "USA"]
[BlackTeamCountry "USA"]

1. e4 e5 2. Nf3 Nc6 3. d4 exd4 4. Nxd4 Ne5 5. Nc3 c6 6. Be2 Bc5 7. f4 Ng6 8. Be3 Bxd4 9. Qxd4 N8e7 10. f5 Nf8 11. Qd6 f6 12. 0-0 b6 13. Bh5+ g6 14. Qxf6 gxh5 15. Qxh8 Ba6 16. Bh6 Bxf1 17. Rxf1 d6 18. Qxf8+ Kd7 19. Qxd8+ Rxd8 20. f6 Ng6 21. f7 Kc8 22. Bg5 Rf8 23. Bh6 Rd8 24. f8Q Nxf8 25. Bxf8 Re8 26. Bxd6 Kb7 27. Rf7+ Ka6 28. Rxh7 1-0

[Event "IECC O-1954"]
[Site "IECC email"]
[Date "2004.04.29"]
[Round "?"]
[White "Shavor, Gregg"]
[Black "Yeargin, Tommy"]
[Result "1-0"]
[WhiteElo "1095"]
[BlackElo "1073"]
[PlyCount "33"]
[EventDate "2004.??.??"]
[EventType "swiss (corr)"]
[EventRounds "2"]
[SourceTitle "Corr 2020"]
[Source "ChessBase"]
[SourceDate "2019.09.30"]
[SourceVersion "1"]
[SourceVersionDate "2019.09.30"]
[SourceQuality "1"]
[WhiteTeam "United States"]
[BlackTeam "United States"]
[WhiteTeamCountry "USA"]
[BlackTeamCountry "USA"]

1. d4 Nf6 2. Nf3 c6 3. e3 e6 4. Bd3 Bd6 5. Nbd2 0-0 6. e4 b5 7. e5 Qe7 8. exf6 Qxf6 9. Ne4 Bb4+ 10. c3 d5 11. Nxf6+ gxf6 12. Bxh7+ Kxh7 13. cxb4 Rg8 14. Nh4 e5 15. Qh5+ Kg7 16. Bh6+ Kh7 17. Bf8# 1-0